000 00672nam a2200265Ia 4500
003 OSt
005 20221007102109.0
006 a|||||r|||| 00| 0
007 ta
008 221006b |||||||| |||| 00| 0 eng d
020 _a0761994777
024 _a9,389
037 _cTextual
040 _aLCO
_cLCO
_beng
041 _2eng
_aeng
082 _aY15:423, P1
100 _aDavar B.V.
_989763
245 0 _aMental Health from a Gender Perspective
250 _a1st
260 _aNew
_bDelhi Sage Pub. India
_c2001
300 _a427
650 _aGENDER LAW
_9704292
942 _hY15:423, P1
_cTEXL
999 _c1178952
_d1178952